Lét és szakralitás
Elmentve itt :
| Szerző: | |
|---|---|
| Adatforrás: | Meister |
| Forrásdokumentuma: | Korunk. - 12 sz., 1996, 18-23 p. |
| Nyelv: | magyar |
| Kulcsszavak: | filozófiatörténet vallásfilozófia filozófia & vallás vallás & filozófia szent & profán profán & szent transzcendencia lét filozófia vallás ELIADE Mircea HEIDEGGER Martin |
| LEADER | 00671nab a2200253 i 4500 | ||
|---|---|---|---|
| 001 | bibPRO00009045 | ||
| 008 | 060524s1996 xx hun | ||
| 040 | |a Sz1 | ||
| 041 | |a hun | ||
| 100 | 1 | |a CODOBAN Aurel | |
| 245 | 1 | 0 | |a Lét és szakralitás |c CODOBAN Aurel |
| 695 | |a filozófiatörténet | ||
| 695 | |a vallásfilozófia | ||
| 695 | |a filozófia & vallás | ||
| 695 | |a vallás & filozófia | ||
| 695 | |a szent & profán | ||
| 695 | |a profán & szent | ||
| 695 | |a transzcendencia | ||
| 695 | |a lét | ||
| 695 | |a filozófia | ||
| 695 | |a vallás | ||
| 695 | |a ELIADE Mircea | ||
| 695 | |a HEIDEGGER Martin | ||
| 773 | 0 | |t Korunk. - |g 12 sz., 1996, 18-23 p. | |